000 00633nam a22002417a 4500
005 20170124110152.0
010 _a116976
020 _c00.00
035 _a116976
037 _bCen Lib/Ret
040 _aDPL
_bEN
082 _a636
_bSTO
100 _aStorm, Marian
_934236
245 _aRights of animals :
_cby Marian Storm
_ban appeal to human beings /
260 _aLondon
_bA Society
270 _aLondon
_bLondon
300 _a109p.
_c22cm(Hb)
500 _aIncludes index
650 _aAnimal rights
_934237
650 _aAnimal welfare
_934238
700 _934200
942 _2ddc
_cEN
_h636
_mSTO
999 _c132289
_d132289